[Event "BAN-chT 1st League"]
[Site "Dhaka"]
[Date "2022.03.12"]
[Round "3.1"]
[White "Rahman, Farhadur"]
[Black "Choudhury, Zahid"]
[Result "1/2-1/2"]
[WhiteElo "1946"]
[BlackElo "1963"]
[PlyCount "51"]
[EventDate "2022.03.10"]
[EventType "team-tourn"]
[EventRounds "11"]
[EventCountry "BAN"]
[SourceTitle "EXT 2023"]
[Source "ChessBase"]
[SourceDate "2022.10.05"]
[SourceVersion "1"]
[SourceVersionDate "2022.10.05"]
[SourceQuality "1"]
[WhiteTeam "Sangbadik Shahnoor Khan"]
[BlackTeam "Basir Memorial"]
[WhiteTeamCountry "BAN"]
[BlackTeamCountry "BAN"]

1. e4 e5 2. Nf3 Nc6 3. Bc4 Bc5 4. d3 Nf6 5. Bg5 h6 6. Bh4 Qe7 7. a3 d6 8. Nc3 Be6 9. Nd5 Bxd5 10. Bxd5 Bb6 11. Ba2 0-0-0 12. Qe2 g5 13. Bg3 Rhg8 14. 0-0-0 Nh5 15. c3 Nf4 16. Bxf4 gxf4 17. g3 Qf6 18. Nh4 Ne7 19. Rhf1 Rdf8 20. Kb1 Rg7 21. Bb3 Kb8 22. Ba2 Rd8 23. Rde1 Rf8 24. Bb3 Rd8 25. Ba2 Rf8 26. Bb3 1/2-1/2